000 00638nam a22002177a 4500
001 00028595
005 20260319145411.0
008 260319b ag ||||| |||| 00| 0 spa d
020 _a8448706692
040 _aAR-CcCEOS
_bspa
_cAR-CcCEOS
041 _aspa
080 _a820-3(73)
090 _bRUB
100 1 _aStuart, Nancy Rubin,
_d1944-
_9926
245 _aIsabel de Castilla :
_bLa primera reina del Renacimiento (2) /
_cNancy Rubin
264 _aBarcelona :
_bSudamericana,
_cc1997.
300 _a669 p. ;
_c24x15 cm.
490 _vNovela histórica ; 31
655 0 _aliteratura inglesa
_vnovela
_9904
942 _2udc
_cBK
_n0
999 _c28625
_d28625